THE HANDBOOK OF INEQUALITY AND SOCIOECONOMIC POSITION: CONCEPTS AND MEASURES (Record no. 9726)

MARC details
000 -LEADER
fixed length control field 00397nam a22001457a 4500
003 - CONTROL NUMBER IDENTIFIER
control field OSt
005 - DATE AND TIME OF LATEST TRANSACTION
control field 20260511141023.0
008 - FIXED-LENGTH DATA ELEMENTS--GENERAL INFORMATION
fixed length control field 260511b |||||||| |||| 00| 0 eng d
020 ## - INTERNATIONAL STANDARD BOOK NUMBER
International Standard Book Number 9781861347664
040 ## - CATALOGING SOURCE
Transcribing agency IRDP
082 ## - DEWEY DECIMAL CLASSIFICATION NUMBER
Classification number 305.5 HAN
245 ## - TITLE STATEMENT
Title THE HANDBOOK OF INEQUALITY AND SOCIOECONOMIC POSITION: CONCEPTS AND MEASURES
260 ## - PUBLICATION, DISTRIBUTION, ETC. (IMPRINT)
Place of publication, distribution, etc. UK;
Name of publisher, distributor, etc. HOBBS THE PRINTERS,
Date of publication, distribution, etc. 2007.
942 ## - ADDED ENTRY ELEMENTS (KOHA)
Source of classification or shelving scheme Dewey Decimal Classification
Koha item type BOOKS
Holdings
Withdrawn status Lost status Source of classification or shelving scheme Damaged status Not for loan Home library Current library Shelving location Date acquired Total Checkouts Full call number Barcode Date last seen Price effective from Koha item type
    Dewey Decimal Classification     Dodoma Dodoma Ground Floor 11/05/2026   305.5 HAN LIB003705 11/05/2026 11/05/2026 BOOKS

IRDP © 2021 :: Managed by ICT Team